000 01415nam a2200325Ia 4500
008 251003s2025 sp 000 0 spa d
041 _aspa
110 2 _aCCOO
_bConfederación Sindical
_927927
245 1 0 _aManifiesto 1 de Octubre
_b: Día Internacional de las Personas Mayores
_c/ CCOO, UGT
260 _a[Madrid] :
_bCCOO, Confederación Sindical:
_bUGT, Comisión Ejecutiva Confederal,
_c[2025]
300 _a5 p. ;
_c30 cm
500 _aManifiesto conjunto con motivo del Día internacional de las Personas Mayores 2025
500 _aContiene una mención al genocidio que Israel está haciendo sobre el pueblo Palestino llamada "Paz como derecho y horizonte: contra el genocidio en Palestina"
650 0 _aPERSONAS DE EDAD AVANZADA
_9866
650 0 _aASISTENCIA MEDICA
_9556
650 0 _aPROTECCION SOCIAL
_962
650 0 _aPRESTACIONES DE VEJEZ
_9348
650 0 _aVIVIENDA
_9438
650 0 _aDISCRIMINACION POR EDAD
_92533
650 0 _aJUBILADO
_97275
650 0 _aJUBILACION
_91014
650 0 _aDEPENDENCIA
_98792
650 0 _aDIA INTERNACIONAL DE LAS PERSONAS DE EDAD
_939767
650 0 _aACTITUD SINDICAL
_961
710 2 _aUGT
_bComisión Ejecutiva Confederal
_95104
710 2 _aCCOO
_bPensionistas y Jubilados
_930791
710 _aUGT
_bJubilados y Pensionistas
_933502
856 _zPDF
_uhttps://docpublicos.ccoo.es/cendoc/072218Manifiesto1Oct2025.pdf
942 _cDOCU_ELEC
_2ddc
999 _c63287
_d63287